Régions du Guyana (carte) - Statistiques

Statistiques générales
  • Ce quiz a été pris 28 fois
  • Le résultat moyen est 5 sur 10
Réponses sur la Carte
Les réponses sont colorées sur une échelle allant du rouge au vert en fonction du pourcentage des utilisateurs qui les ont devinées à leur premier essai. Vous pouvez retrouver ces pourcentages ci-dessous.
 
Statistiques - réponses
Réponse % Correct
Îles d'Essequibo-Demerara occidental
71%
Barima-Waini
57%
Demerara-Mahaica
57%
Mahaica-Berbice
57%
Berbice oriental-Courantyne
43%
Cuyuni-Mazaruni
43%
Haut-Demerara-Berbice
43%
Haut-Takutu-Haut-Essequibo
43%
Pomeroon-Supenaam
43%
Potaro-Siparuni
43%
Aucun quiz correspondant
Distribution des résultats
% des personnes avec chaque résultat
Percentile par nombre de réponses
Votre historique - résultats
Vous n’avez pas pris ce quiz